[Event "Tch (Men) 2005/2006 CZE"]
[Site "?"]
[Date "2005.12.03"]
[Round "5"]
[White "Babula Vlastimil"]
[Black "Meduna Eduard"]
[Result "1/2-1/2"]
[WhiteElo "2593"]
[BlackElo "2460"]
[PlyCount "56"]
[EventDate "2005.??.??"]
[Source "www.chesslib.no"]
[SourceDate "2004.05.04"]

1. d4 Nf6 2. c4 e5 3. dxe5 Ng4 4. Bf4 g5 5. Bg3 Bg7 6. Nf3 Nc6 7. Nc3 Ngxe5 8. Nxe5 Nxe5 9. e3 d6 10. Qc2 Be6 11. Rd1 O-O 12. h4 g4 13. c5 d5 14. Bd3 Nxd3+ 15. Qxd3 Qe7 16. Nxd5 Qxc5 17. b4 Qxd5 18. Qxd5 Bxd5 19. Rxd5 Rad8 20. Rg5 f5 21. Bxc7 Rd5 22. Ke2 h6 23. Rg6 Rc8 24. Rd6 Rxd6 25. Bxd6 Rc2+ 26. Kd3 Rxf2 27. Rc1 Rxa2 28. Rc8+ Kf7 1/2-1/2

[Event "NED-ch open"]
[Site "?"]
[Date "1997.07.28"]
[Round "6"]
[White "Mikhalevski Victor"]
[Black "Miezis Normunds"]
[Result "1-0"]
[WhiteElo "2535"]
[BlackElo "2515"]
[PlyCount "75"]
[EventDate "1997.??.??"]
[Source "www.chesslib.no"]
[SourceDate "2004.05.04"]

1. d4 Nf6 2. c4 e5 3. dxe5 Ng4 4. Bf4 Nc6 5. Nf3 Bb4+ 6. Nbd2 Qe7 7. e3 Ngxe5 8. Nxe5 Nxe5 9. Be2 O-O 10. O-O Bxd2 11. Qxd2 d6 12. b4 f6 13. Qc3 Bd7 14. Bg3 Rae8 15. Rac1 Be6 16. a3 Bf7 17. c5 d5 18. c6 b6 19. Rfd1 Rd8 20. Rd4 Rd6 21. b5 a6 22. a4 axb5 23. axb5 Ra8 24. Ra1 Rxa1+ 25. Qxa1 Rd8 26. Ra4 g6 27. Qd4 Nc4 28. Ra7 Rc8 29. h4 Kg7 30. Bg4 Re8 31. Rxc7 Qb4 32. Qxd5 Re7 33. Rxe7 Qxe7 34. Qd7 Qe4 35. c7 Nd2 36. c8=Q Qb1+ 37. Kh2 Nf1+ 38. Kh3 1-0

[Event "Pamplona"]
[Site "Pamplona"]
[Date "1990.??.??"]
[Round "?"]
[White "Kortschnoj, Viktor"]
[Black "Gomez Esteban, Juan Mario"]
[Result "1/2-1/2"]
[WhiteElo "2630"]
[BlackElo "2415"]
[PlyCount "107"]
[EventDate "1990.12.??"]
[Source "ChessBase"]

1. d4 Nf6 2. c4 e5 3. dxe5 Ng4 4. Bf4 Bb4+ 5. Nc3 Nc6 6. Nf3 Qe7 7. Rc1 Ngxe5 8. Nxe5 Nxe5 9. a3 Bxc3+ 10. Rxc3 O-O 11. g3 d6 12. Bg2 Ng6 13. Bc1 Rb8 14. O-O b6 15. e4 Bb7 16. Re1 f6 17. b3 Rfe8 18. Rce3 Qf7 19. Bb2 Re7 20. Qe2 a5 21. f4 Ba8 22. h4 Nf8 23. Bf3 Nd7 24. Bh5 Qf8 25. b4 Bc6 26. Bd4 axb4 27. axb4 Ra8 28. Qc2 Kh8 29. Bg4 Qf7 30. h5 h6 31. Qe2 Rae8 32. Qd3 Bb7 33. c5 bxc5 34. bxc5 Nxc5 35. Bxc5 dxc5 36. Bf3 f5 37. exf5 Rxe3 38. Rxe3 Rxe3 39. Qxe3 Bxf3 40. Qxf3 Qxf5 41. g4 Qc2 42. f5 Qd2 43. Kf1 Qd4 44. Qe2 Kh7 45. Kg2 c4 46. f6 Qxf6 47. Qxc4 Qe5 48. Kf3 Qd6 49. Kg2 Qe5 50. Kf3 c5 51. Kf2 Kh8 52. Kf3 Qe7 53. Qd5 Qc7 54. Qa8+ 1/2-1/2

[Event "JUG Team Ch"]
[Site "Cetinje"]
[Date "1993.??.??"]
[Round "3"]
[White "Malaniuk, Vladimir P"]
[Black "Marjanovic, Slavoljub"]
[Result "1-0"]
[WhiteElo "2600"]
[BlackElo "2445"]
[PlyCount "121"]
[EventDate "1993.??.??"]
[Source "www.chesslib.no"]
[SourceDate "2004.05.04"]

1. d4 Nf6 2. c4 e5 3. dxe5 Ng4 4. Bf4 Nc6 5. Nf3 Bb4+ 6. Nbd2 Qe7 7. e3 Ngxe5 8. Nxe5 Nxe5 9. Be2 O-O 10. O-O a5 11. a3 Bxd2 12. Qxd2 d6 13. b4 f6 14. bxa5 Kh8 15. Rfb1 Nd7 16. Rb5 Nc5 17. Rd1 Be6 18. f3 Bf7 19. e4 Be8 20. Rb2 Bc6 21. Bf1 Ba4 22. Rdb1 Ra7 23. Qe1 Rfa8 24. Bd2 Bc6 25. Bb4 Re8 26. Qf2 Rea8 27. Qd2 Be8 28. Bxc5 dxc5 29. Rxb7 Rxb7 30. Rxb7 Bc6 31. Rb1 h6 32. a6 Rxa6 33. Rb8+ Kh7 34. Qb2 Qd6 35. Be2 Qd4+ 36. Qxd4 cxd4 37. Rd8 Rxa3 38. Rxd4 Kg8 39. Rd8+ Kf7 40. Rc8 Ra7 41. c5 Bd7 42. Bc4+ Ke7 43. Rg8 g5 44. Rg7+ Ke8 45. Rg6 Ra1+ 46. Kf2 Rc1 47. Bd3 Rc3 48. Ke2 Kf7 49. e5 fxe5 50. Rxh6 g4 51. Rh7+ Ke8 52. Bg6+ Kd8 53. fxg4 Bxg4+ 54. Kf2 Rxc5 55. h4 Rc6 56. h5 Rf6+ 57. Ke3 Bf5 58. Bxf5 Rxf5 59. g4 Rg5 60. h6 Rg6 61. g5 1-0

[Event "AKN Open"]
[Site "?"]
[Date "1998.07.05"]
[Round "5"]
[White "Horvath Csaba"]
[Black "Miezis Normunds"]
[Result "1/2-1/2"]
[WhiteElo "2535"]
[BlackElo "2505"]
[PlyCount "37"]
[EventDate "1998.??.??"]
[Source "www.chesslib.no"]
[SourceDate "2004.05.04"]

1. d4 Nf6 2. c4 e5 3. dxe5 Ng4 4. Bf4 Nc6 5. Nf3 Bb4+ 6. Nc3 Qe7 7. Qd5 f6 8. exf6 Bxc3+ 9. bxc3 Nxf6 10. Qd3 d6 11. g3 O-O 12. Bg2 Kh8 13. O-O Bg4 14. Nd4 Ne5 15. Bxe5 dxe5 16. Nb3 e4 17. Qe3 Qe6 18. f3 exf3 19. Qxe6 1/2-1/2

[Event "Tch (Men) 2005/2006 CZE"]
[Site "?"]
[Date "2006.02.26"]
[Round "9"]
[White "Stocek Jiri"]
[Black "Meduna Eduard"]
[Result "1/2-1/2"]
[WhiteElo "2580"]
[BlackElo "2460"]
[PlyCount "105"]
[EventDate "2006.??.??"]
[Source "www.chesslib.no"]
[SourceDate "2004.05.04"]

1. d4 Nf6 2. c4 e5 3. dxe5 Ng4 4. Bf4 Bb4+ 5. Nd2 Nc6 6. Ngf3 Qe7 7. a3 Bxd2+ 8. Qxd2 Ngxe5 9. Nxe5 Nxe5 10. e3 d6 11. Rc1 O-O 12. Be2 b6 13. O-O Bb7 14. Rfe1 Rfe8 15. Bg3 Nd7 16. Bd1 a5 17. b3 Qg5 18. Bc2 h5 19. f3 h4 20. Bf4 Qh5 21. h3 Ne5 22. Bd1 f5 23. b4 axb4 24. axb4 Qg6 25. Rf1 Ra3 26. Rc3 Ra1 27. c5 Kh8 28. cxd6 cxd6 29. Bxe5 Rxe5 30. Rc7 Rd5 31. Qc2 Ba6 32. Be2 Rxf1+ 33. Kxf1 Bxe2+ 34. Qxe2 Qg3 35. f4 Qg6 36. Rc1 Qe8 37. Qf2 Qh5 38. Qe2 Qe8 39. Kg1 Kh7 40. Kh1 Kh6 41. Qf2 Qd8 42. Qa2 Rd3 43. Qe6+ Qf6 44. Qe8 Rd2 45. Qa8 Qe7 46. Kg1 Qxe3+ 47. Kh1 Qe4 48. Qh8+ Kg6 49. Rg1 Qxf4 50. Qe8+ Kh6 51. Qh8+ Kg6 52. Qe8+ Kh6 53. Qh8+ 1/2-1/2

[Event "TCh-CRO"]
[Site "Rabac"]
[Date "2004.09.05"]
[Round "1"]
[White "Pinter, Jozsef"]
[Black "Cebalo, Miso"]
[Result "1-0"]
[WhiteElo "2512"]
[BlackElo "2527"]
[PlyCount "131"]
[EventDate "2004.06.21"]
[Source "Roberto Alvarez"]
[SourceDate "2004.09.21"]

1. d4 Nf6 2. c4 e5 3. dxe5 Ng4 4. Bf4 Nc6 5. Nf3 Bb4+ 6. Nc3 Bxc3+ 7. bxc3 Qe7 8. Qd5 f6 9. exf6 Nxf6 10. Qd3 d6 11. e3 O-O 12. Be2 b6 13. O-O Bb7 14. Nd4 Ne5 15. Qc2 Rae8 16. Rae1 Ned7 17. Bd3 Nc5 18. Bg5 h6 19. Bxf6 Qxf6 20. e4 Qe5 21. Re3 Ne6 22. Rfe1 Qc5 23. Bf1 Rf6 24. Nb3 Qe5 25. g3 g5 26. Bh3 Ref8 27. Bf5 Ng7 28. Nd4 Qc5 29. Qa4 a6 30. g4 Qe5 31. Qd1 a5 32. h3 Re8 33. Nf3 Qf4 34. Qd4 Rff8 35. Nd2 Ne6 36. Bxe6+ Rxe6 37. R1e2 Qe5 38. Kg2 Re7 39. f3 Ba6 40. Re1 Rfe8 41. Rh1 Rh7 42. Qd5+ Kg7 43. Nb3 Qf4 44. Rhe1 Re5 45. Qc6 Qf7 46. Nd4 Qxc4 47. Nf5+ Kf7 48. Qa8 Re8 49. Qa7 Kg6 50. h4 h5 51. gxh5+ Rxh5 52. Rd1 gxh4 53. Rxd6+ Kg5 54. Rd1 Rhh8 55. Nd4 Kf4 56. Red3 Rh7 57. Ne2+ Kg5 58. Rd5+ Kh6 59. Nf4 Rg7+ 60. Kf2 Kh7 61. Rd7 Ree7 62. R7d4 Qb5 63. Rd5 Qc4 64. Qa8 Re5 65. Rxe5 Qxa2+ 66. Ke3 1-0

[Event "New York Open"]
[Site "New York, NY USA"]
[Date "1989.??.??"]
[Round "1"]
[White "Dlugy, Maxim"]
[Black "Epishin, Vladimir V"]
[Result "1/2-1/2"]
[WhiteElo "2570"]
[BlackElo "2465"]
[PlyCount "61"]
[EventDate "1989.03.??"]
[Source "www.chesslib.no"]
[SourceDate "2004.05.04"]

1. d4 Nf6 2. c4 e5 3. dxe5 Ng4 4. Bf4 Nc6 5. Nf3 Bb4+ 6. Nc3 Bxc3+ 7. bxc3 Qe7 8. Qd5 f6 9. exf6 Nxf6 10. Qd3 d6 11. g3 O-O 12. Bg2 Bg4 13. O-O Rae8 14. Rae1 Kh8 15. Nd4 Na5 16. Bg5 Qe5 17. Bxf6 Rxf6 18. e3 Bh5 19. Nb3 Bg6 20. Qd4 Nc6 21. Qd2 Qe7 22. e4 Bf7 23. Qe2 Qe6 24. c5 Qc4 25. Qd2 a5 26. cxd6 Rxd6 27. Qb2 Rd3 28. Rc1 a4 29. Nd4 Nxd4 30. cxd4 Qxd4 31. Qxd4 1/2-1/2

[Event "Calviá ol (Men)"]
[Site "Mallorca"]
[Date "2004.10.27"]
[Round "12.19"]
[White "Bluvshtein, Mark"]
[Black "Miezis, Normunds"]
[Result "1-0"]
[WhiteElo "2502"]
[BlackElo "2524"]
[PlyCount "121"]
[EventDate "2004.10.15"]
[Source "Roberto Alvarez"]
[SourceDate "2004.10.25"]

1. d4 Nf6 2. c4 e5 3. dxe5 Ng4 4. Bf4 Nc6 5. Nf3 Bb4+ 6. Nbd2 Qe7 7. e3 Ncxe5 8. Nxe5 Nxe5 9. Be2 O-O 10. O-O Bxd2 11. Qxd2 d6 12. b4 Rd8 13. Qc3 f6 14. Rfd1 Bf5 15. Rd2 Bg6 16. Rad1 Bf7 17. a3 Qe6 18. c5 Rac8 19. h3 Qe8 20. Bg3 d5 21. e4 c6 22. exd5 cxd5 23. Re1 Nc4 24. Rd4 Qa4 25. Bd1 Qa6 26. Bg4 Ra8 27. Rd3 Re8 28. Rxe8+ Rxe8 29. Bd7 Re4 30. a4 h5 31. a5 Re7 32. b5 Qxa5 33. Qxa5 Nxa5 34. c6 bxc6 35. bxc6 Be8 36. Bxe8 Rxe8 37. c7 Nc6 38. Rxd5 Rc8 39. Rxh5 Kf7 40. Rc5 Ne7 41. Ra5 Ra8 42. Rb5 Rc8 43. Rb7 a5 44. Rb5 Nc6 45. Rb8 Na7 46. Rb6 Ke7 47. Ra6 Nb5 48. Rxa5 Nd6 49. Ra1 Rxc7 50. Re1+ Kd7 51. Rd1 Rc6 52. Kh2 Ke6 53. Rxd6+ Rxd6 54. Bxd6 Kxd6 55. Kg3 Ke5 56. Kg4 Ke6 57. f4 Kf7 58. Kh5 Kg8 59. Kg6 Kh8 60. h4 Kg8 61. h5 1-0

[Event "Corr"]
[Site "?"]
[Date "2000.09.25"]
[Round "?"]
[White "Poliak Yan (ISR)"]
[Black "Kovacs Laszlo (AUT)"]
[Result "1-0"]
[WhiteElo "2490"]
[BlackElo "2511"]
[PlyCount "53"]
[EventDate "2000.??.??"]
[Source "www.chesslib.no"]
[SourceDate "2004.05.04"]

1. d4 Nf6 2. c4 e5 3. dxe5 Ng4 4. Bf4 Bb4+ 5. Nd2 Nc6 6. Ngf3 Qe7 7. e3 Ngxe5 8. Nxe5 Nxe5 9. Be2 b6 10. O-O Bb7 11. Nb1 O-O 12. a3 Bd6 13. Nc3 g5 14. Bg3 f5 15. Nd5 Qe6 16. Qd2 c6 17. Nc3 Be7 18. b3 Rad8 19. Rad1 Bxa3 20. Ra1 Bb4 21. Rxa7 Ba8 22. Qc2 f4 23. exf4 gxf4 24. Bh4 f3 25. Bxd8 Qg4 26. Bxf3 Rxd8 27. Bxg4 1-0

[Event "Kecskemet GM"]
[Site "Kecskemet"]
[Date "1991.??.??"]
[Round "7"]
[White "Malaniuk, Vladimir P"]
[Black "Blatny, Pavel"]
[Result "1/2-1/2"]
[WhiteElo "2500"]
[BlackElo "2495"]
[PlyCount "97"]
[EventDate "1991.12.??"]
[Source "www.chesslib.no"]
[SourceDate "2004.05.04"]

1. d4 Nf6 2. c4 e5 3. dxe5 Ng4 4. Bf4 Nc6 5. Nf3 Bb4+ 6. Nbd2 Qe7 7. e3 Ngxe5 8. Nxe5 Nxe5 9. Be2 b6 10. O-O Bxd2 11. Qxd2 Bb7 12. Qc3 d6 13. c5 bxc5 14. Bxe5 Qxe5 15. Qxe5+ dxe5 16. Rfc1 O-O-O 17. Rxc5 Rhe8 18. Rac1 Re7 19. f3 Rd2 20. R1c2 Rxc2 21. Rxc2 Rd7 22. Kf2 Rd6 23. Bb5 Bd5 24. b3 Kb7 25. Ke2 e4 26. Bc4 exf3+ 27. gxf3 Kb6 28. Bxd5 Rxd5 29. e4 Rd4 30. h4 c5 31. h5 Kb5 32. Ke3 a5 33. Rg2 g6 34. hxg6 hxg6 35. Rh2 a4 36. Rh8 Kb4 37. bxa4 Rd7 38. Rc8 c4 39. e5 Kc3 40. f4 Ra7 41. a5 g5 42. fxg5 Rxa5 43. Ke4 Rxa2 44. Rc7 Rf2 45. Kd5 Rf4 46. Kd6 Kd3 47. e6 fxe6 48. Kxe6 c3 49. g6 1/2-1/2

[Event "FRA Team Ch"]
[Site "France"]
[Date "1989.??.??"]
[Round "?"]
[White "Kouatly, Bachar"]
[Black "Illescas Cordoba, Miguel"]
[Result "1/2-1/2"]
[WhiteElo "2470"]
[BlackElo "2525"]
[PlyCount "45"]
[EventDate "1989.??.??"]
[Source "www.chesslib.no"]
[SourceDate "2004.05.04"]

1. d4 Nf6 2. c4 e5 3. dxe5 Ng4 4. Bf4 Nc6 5. Nf3 Bb4+ 6. Nbd2 Qe7 7. a3 Ngxe5 8. Nxe5 Nxe5 9. e3 Bxd2+ 10. Qxd2 d6 11. b4 O-O 12. Be2 b6 13. c5 dxc5 14. Qd5 Ng6 15. Bg5 Qe5 16. Qxe5 Nxe5 17. bxc5 Bf5 18. O-O Bd3 19. Bxd3 Nxd3 20. Rfd1 Nxc5 21. Be7 Rfb8 22. Bxc5 bxc5 23. Rd5 1/2-1/2

[Event "tt"]
[Site "Alicante tt"]
[Date "1989.??.??"]
[Round "?"]
[White "Bellon Lopez, Juan Manuel"]
[Black "Illescas Cordoba, Miguel"]
[Result "1/2-1/2"]
[WhiteElo "2470"]
[BlackElo "2525"]
[PlyCount "99"]
[EventDate "1989.??.??"]
[Source "www.chesslib.no"]
[SourceDate "2004.05.04"]

1. d4 Nf6 2. c4 e5 3. dxe5 Ng4 4. Bf4 Nc6 5. Nf3 Bb4+ 6. Nbd2 Qe7 7. e3 Ngxe5 8. Nxe5 Nxe5 9. Be2 O-O 10. O-O d6 11. Nb3 b5 12. Nd4 Bc5 13. a3 a5 14. b3 Bb7 15. Qd2 Ng6 16. Bg3 d5 17. Bf3 Rad8 18. Qc3 Ne5 19. Bxd5 Bxd5 20. Nf5 Qf6 21. Qxe5 Qxe5 22. Bxe5 Be4 23. Ng3 Bc2 24. b4 axb4 25. axb4 Bxb4 26. Bxc7 Rc8 27. Bb6 Rxc4 28. Bd4 Rfc8 29. h3 Bd6 30. f4 h6 31. Rf2 Bb4 32. Rc1 Bd3 33. Rxc4 Rxc4 34. Ra2 Rc2 35. Rxc2 Bxc2 36. Kf2 f5 37. Nh5 Bf8 38. g4 Kf7 39. Ng3 g6 40. e4 fxe4 41. Ke3 Be7 42. Nxe4 h5 43. gxh5 gxh5 44. f5 Bxe4 45. Kxe4 Bd8 46. Be5 Be7 47. Kf3 Bd8 48. Kg3 Be7 49. h4 Bb4 50. Bc3 1/2-1/2

[Event "Staatsliga B"]
[Site "St. Valentin"]
[Date "2004.03.13"]
[Round "10.4"]
[White "Horvath, Csaba"]
[Black "Mohr, Georg"]
[Result "1/2-1/2"]
[WhiteElo "2513"]
[BlackElo "2474"]
[PlyCount "73"]
[EventDate "2003.11.08"]
[Source "Roberto Alvarez"]
[SourceDate "2004.03.22"]

1. d4 Nf6 2. c4 e5 3. dxe5 Ng4 4. Bf4 Bb4+ 5. Nd2 d6 6. exd6 Qf6 7. Nh3 Nxf2 8. Kxf2 Bxh3 9. g3 Bxf1 10. Rxf1 Qd4+ 11. Kg2 Bxd6 12. Qb3 Nd7 13. Be3 Qe5 14. c5 Bxc5 15. Qxf7+ Kd8 16. Bxc5 Qxc5 17. Rad1 Kc8 18. Qxd7+ Kxd7 19. Ne4+ Kc6 20. Nxc5 Kxc5 21. Rf7 Rhe8 22. Rxc7+ Kb6 23. Rc2 Re7 24. Rd6+ Kb5 25. Kf2 Rf8+ 26. Ke1 b6 27. Rcd2 Rff7 28. R2d5+ Kc4 29. Rd4+ Kb5 30. R6d5+ Kc6 31. Rh5 g6 32. Rhh4 Re5 33. Rc4+ Kb7 34. Rhe4 Rd5 35. e3 g5 36. g4 Rd6 37. Re5 1/2-1/2

[Event "Moscow ol (Men)"]
[Site "Moscow"]
[Date "1994.??.??"]
[Round "2"]
[White "Petursson, Margeir"]
[Black "Brestian, Egon"]
[Result "1-0"]
[WhiteElo "2540"]
[BlackElo "2445"]
[PlyCount "56"]
[EventDate "1994.11.??"]
[Source "ChessBase"]

1. d4 Nf6 2. c4 e5 3. dxe5 Ng4 4. Bf4 Nc6 5. Nf3 Bb4+ 6. Nbd2 Qe7 7. e3 Ngxe5 8. Nxe5 Nxe5 9. Be2 O-O 10. O-O Ng6 11. Bg3 Bd6 12. Bxd6 Qxd6 13. Ne4 Qe7 14. Nc3 c6 15. Qd4 d6 16. Rad1 Rd8 17. f4 f5 18. e4 fxe4 19. f5 Nh4 20. f6 gxf6 21. Nxe4 Nf5 22. Qxf6 Qxf6 23. Nxf6+ Kg7 24. Nh5+ Kh6 25. Nf4 Re8 26. Bf3 Be6 27. Kf2 Rad8 28. g4 Nh4 1-0

[Event "Bad Woerishofen op"]
[Site "Bad Woerishofen"]
[Date "2000.03.21"]
[Round "5"]
[White "Bunzmann, Dimitrij"]
[Black "Miezis, Normunds"]
[Result "1-0"]
[WhiteElo "2502"]
[BlackElo "2481"]
[PlyCount "61"]
[EventDate "2000.03.??"]
[Source "ChessBase"]
[SourceDate "2000.05.11"]

1. d4 Nf6 2. c4 e5 3. dxe5 Ng4 4. Bf4 Bb4+ 5. Nd2 Nc6 6. Ngf3 Qe7 7. e3 Ncxe5 8. Nxe5 Nxe5 9. Be2 O-O 10. O-O Bxd2 11. Qxd2 d6 12. Rac1 Be6 13. Bg3 f5 14. Rfd1 Rfd8 15. Qc3 Nf7 16. Bf3 c6 17. h4 Rd7 18. b4 g5 19. Rd4 g4 20. Be2 c5 21. Rd2 Rad8 22. Rcd1 b6 23. a3 d5 24. bxc5 bxc5 25. Be5 Nxe5 26. Qxe5 Qf7 27. Qf4 Kg7 28. cxd5 Bxd5 29. Bb5 Rd6 30. Bc4 Qe6 31. e4 1-0

[Event "Cappelle op"]
[Site "Cappelle la Grande "]
[Date "1996.??.??"]
[Round "5"]
[White "Gleizerov, Evgeny"]
[Black "Bosch, Jeroen"]
[Result "1-0"]
[WhiteElo "2540"]
[BlackElo "2440"]
[PlyCount "71"]
[EventDate "1996.02.??"]
[Source "ChessBase"]

1. d4 Nf6 2. c4 e5 3. dxe5 Ng4 4. Bf4 Nc6 5. Nf3 Bb4+ 6. Nbd2 f6 7. exf6 Qxf6 8. e3 Qxb2 9. Be2 d6 10. O-O O-O 11. Nb3 Qf6 12. c5 Bc3 13. Rc1 Be5 14. Nxe5 dxe5 15. Bg3 Qg6 16. Qc2 Bf5 17. Qc3 Rae8 18. Na5 Nf6 19. Nxc6 bxc6 20. Bxe5 Ne4 21. Qb2 Bh3 22. Bg3 Nxg3 23. hxg3 Bf5 24. Bf3 h5 25. Qb4 Rb8 26. Qd4 Rfd8 27. Qf4 Bg4 28. Bxg4 hxg4 29. Qxc7 Rbc8 30. Qf4 Rd5 31. Rc4 Rg5 32. Rb4 Qh5 33. Rd1 Rg6 34. Rb8 Rxb8 35. Qxb8+ Kh7 36. Rd8 1-0

[Event "Paris Open"]
[Site "Paris FRA"]
[Date "1995.??.??"]
[Round "?"]
[White "Gyimesi, Zoltan"]
[Black "Prie, Eric"]
[Result "1-0"]
[WhiteElo "2500"]
[BlackElo "2480"]
[PlyCount "63"]
[EventDate "1995.04.??"]
[Source "www.chesslib.no"]
[SourceDate "2004.05.04"]

1. d4 Nf6 2. c4 e5 3. dxe5 Ng4 4. Bf4 Nc6 5. Nf3 Bb4+ 6. Nbd2 f6 7. exf6 Qxf6 8. e3 Qxb2 9. Be2 O-O 10. O-O d6 11. Nb3 Qf6 12. Ng5 Nge5 13. a3 Bc5 14. Nxc5 dxc5 15. Qd5+ Kh8 16. Ne4 Qe7 17. Qxc5 Qxc5 18. Nxc5 b6 19. Nd3 Nxc4 20. Bxc7 Be6 21. Nf4 Bg8 22. Rfd1 Rac8 23. Bd6 Nxd6 24. Rxd6 Ne5 25. h4 Rc2 26. a4 Rfc8 27. Kh2 Rb2 28. Kg3 Rcc2 29. Rd8 Rxe2 30. Nxe2 Rxe2 31. Rc1 Nf7 32. Rxg8+ 1-0

[Event "Voronezh"]
[Site "?"]
[Date "1987.??.??"]
[Round "?"]
[White "Bareev, E."]
[Black "Teske, H."]
[Result "1-0"]
[WhiteElo "2555"]
[BlackElo "2425"]
[PlyCount "121"]
[EventDate "1987.??.??"]
[Source "ChessBase"]
[SourceDate "1987.07.01"]

1. d4 Nf6 2. c4 e5 3. dxe5 Ng4 4. Bf4 g5 5. Bg3 Bg7 6. Nf3 Nc6 7. h4 Ngxe5 8. Nxe5 Nxe5 9. e3 d6 10. hxg5 Qxg5 11. Nc3 Be6 12. Qa4+ Nc6 13. Rc1 O-O-O 14. Bh4 Qh6 15. Nb5 Bf6 16. c5 dxc5 17. Nxc7 Bxh4 18. Rxh4 Qf6 19. Nxe6 fxe6 20. Rxc5 Qxb2 21. Qc2 Qb6 22. Bb5 Rd6 23. Bxc6 bxc6 24. Rd4 Rhd8 25. Ke2 R8d7 26. g4 Kc7 27. Rxd6 Kxd6 28. Rh5 c5 29. Qd3+ Kc7 30. Rxh7 Rxh7 31. Qxh7+ Kd6 32. Qd3+ Ke7 33. Kf3 Kf6 34. Qc3+ e5 35. Qd3 Qe6 36. Qh7 Qd5+ 37. Qe4 Qe6 38. Qh7 Qd5+ 39. Qe4 Qe6 40. a3 c4 41. Ke2 Kg5 42. f4+ Kh4 43. Kf2 Qd6 44. Qxc4 Qxa3 45. Qf7 Qb2+ 46. Kf3 e4+ 47. Kxe4 Qc2+ 48. Ke5 Qc3+ 49. Kf5 Qxe3 50. g5 a5 51. Qc4 Qe8 52. Kf6 Qf8+ 53. Kg6 Qd6+ 54. Kg7 Qd7+ 55. Kh6 Qf5 56. g6 Kg4 57. Qe2+ Kh4 58. Qe5 Qc8 59. g7 Qg8 60. f5 Qf7 61. f6 1-0

[Event "Budapest m"]
[Site "Budapest"]
[Date "1999.04.24"]
[Round "2"]
[White "Horvath, Csaba"]
[Black "Salmensuu, Olli"]
[Result "1-0"]
[WhiteElo "2524"]
[BlackElo "2449"]
[PlyCount "75"]
[EventDate "1999.04.??"]
[Source "ChessBase"]
[SourceDate "1999.07.10"]

1. d4 Nf6 2. c4 e5 3. dxe5 Ng4 4. Bf4 Bb4+ 5. Nd2 Nc6 6. Ngf3 Qe7 7. e3 Ngxe5 8. Nxe5 Nxe5 9. Be2 O-O 10. O-O a5 11. a3 Bxd2 12. Qxd2 d6 13. b4 Rd8 14. Qc3 b6 15. c5 bxc5 16. bxc5 Ba6 17. Bxa6 Rxa6 18. Rfd1 Ng6 19. cxd6 cxd6 20. Bg3 h5 21. Qc4 Raa8 22. h4 Rac8 23. Qe2 Rc5 24. Rd4 Nf8 25. Rad1 d5 26. Qxh5 Ne6 27. R4d3 d4 28. Qg4 Rc3 29. exd4 Qxa3 30. Rxc3 Qxc3 31. d5 Qb3 32. d6 a4 33. h5 a3 34. Kh2 a2 35. Be5 Ra8 36. f4 f5 37. Qxf5 Qxd1 38. Qxe6+ 1-0

[Event "Chigorin Memorial"]
[Site "St. Petersburg"]
[Date "2004.10.21"]
[Round "6.22"]
[White "Amonatov, Farrukh"]
[Black "Tjurin, AP."]
[Result "1-0"]
[WhiteElo "2600"]
[BlackElo "2371"]
[PlyCount "100"]
[EventDate "2004.10.15"]
[Source "Roberto Alvarez"]
[SourceDate "2004.11.08"]

1. d4 Nf6 2. c4 e5 3. dxe5 Ng4 4. Bf4 g5 5. Bg3 Nc6 6. Nf3 Bg7 7. h4 Ngxe5 8. Nxe5 Nxe5 9. e3 g4 10. h5 h6 11. Nc3 d6 12. Qc2 Be6 13. O-O-O O-O 14. Nd5 f5 15. Be2 Qd7 16. Kb1 Qf7 17. f4 Nc6 18. Be1 a5 19. Bc3 Nb4 20. Qd2 Bxc3 21. Qxc3 b5 22. e4 fxe4 23. Ne3 Qxf4 24. a3 Nd3 25. Bxd3 exd3 26. Rxd3 b4 27. axb4 axb4 28. Qxb4 Rfb8 29. Qc3 Qg5 30. Rf1 Qxh5 31. Qf6 Re8 32. Nd5 Qf7 33. Qxf7+ Bxf7 34. Nf6+ Kg7 35. Nxe8+ Rxe8 36. Rd4 h5 37. Rf2 Re3 38. c5 Bg6+ 39. Kc1 g3 40. Rf1 Re2 41. cxd6 cxd6 42. Rd2 Re6 43. b4 Be4 44. b5 d5 45. Rb2 Rb6 46. Kd2 d4 47. Re1 Bg6 48. Re5 Kf6 49. Rd5 Be4 50. Rxh5 Rb7 1-0

[Event "Rome"]
[Site "Rome"]
[Date "1988.??.??"]
[Round "?"]
[White "Gulko, Boris F"]
[Black "Lanzani, Mario"]
[Result "1-0"]
[WhiteElo "2595"]
[BlackElo "2375"]
[PlyCount "89"]
[EventDate "1988.02.??"]
[Source "ChessBase"]

1. d4 Nf6 2. c4 e5 3. dxe5 Ng4 4. Bf4 Nc6 5. Nf3 Bb4+ 6. Nbd2 Qe7 7. e3 Ngxe5 8. Nxe5 Nxe5 9. a3 Bxd2+ 10. Qxd2 d6 11. Be2 O-O 12. O-O b6 13. Qc3 Bb7 14. Rfd1 Nd7 15. b4 a5 16. f3 f5 17. Bg3 h5 18. c5 bxc5 19. bxa5 Kh8 20. Rab1 Bc6 21. Bb5 Bxb5 22. Rxb5 h4 23. Bf4 h3 24. Rb7 Ne5 25. Rd5 Qe6 26. Bxe5 Qxd5 27. Bxg7+ Kg8 28. Bxf8 Rxf8 29. Rxc7 Rf7 30. Rc8+ Rf8 31. Rxf8+ Kxf8 32. a6 Qd1+ 33. Kf2 hxg2 34. Qf6+ Ke8 35. Kxg2 Qe2+ 36. Kg3 Qxa6 37. Qxf5 Ke7 38. Qe4+ Kd7 39. a4 c4 40. Qc2 Kc6 41. h4 Kc5 42. h5 d5 43. Qc3 Qxa4 44. h6 Qe8 45. Qa5+ 1-0

[Event "Bad Endbach"]
[Site "Bad Endbach"]
[Date "1995.??.??"]
[Round "?"]
[White "Mikhalevski, Victor"]
[Black "Chabanon, Jean Luc"]
[Result "0-1"]
[WhiteElo "2525"]
[BlackElo "2445"]
[PlyCount "94"]
[EventDate "1995.04.??"]
[Source "ChessBase"]

1. d4 Nf6 2. c4 e5 3. dxe5 Ng4 4. Bf4 Nc6 5. Nf3 Bb4+ 6. Nbd2 Qe7 7. e3 Ngxe5 8. Nxe5 Nxe5 9. Be2 O-O 10. O-O a5 11. Nb3 a4 12. a3 Bd6 13. Nd4 Bc5 14. Nb5 d6 15. Nc3 Ng6 16. Bg3 f5 17. Bf3 Qe8 18. Qc2 Ne5 19. Be2 Be6 20. Nb5 Qf7 21. Bxe5 dxe5 22. Qc3 Rae8 23. Qxe5 Bxc4 24. Qxc5 Bxe2 25. Rfe1 b6 26. Qc6 Re6 27. Qd5 c6 28. Nd6 Qg6 29. Qxf5 Rxf5 30. Nxf5 Qxf5 31. Rxe2 Qd3 32. Rae1 c5 33. e4 b5 34. e5 g5 35. Re3 Qd4 36. R3e2 b4 37. axb4 cxb4 38. h3 b3 39. Kf1 Kg7 40. Kg1 Kg6 41. g4 h5 42. gxh5+ Kxh5 43. Kh2 Kg6 44. Kg2 Kf5 45. Kg3 a3 46. bxa3 b2 47. Rb1 Qd3+ 0-1

[Event "Heraklio Open"]
[Site "Heraklio GRE"]
[Date "1993.??.??"]
[Round "2"]
[White "Van Wely, Loek"]
[Black "Kostic, Nebojsa"]
[Result "1-0"]
[WhiteElo "2560"]
[BlackElo "2405"]
[PlyCount "77"]
[EventDate "1993.??.??"]
[Source "www.chesslib.no"]
[SourceDate "2004.05.04"]

1. d4 Nf6 2. c4 e5 3. dxe5 Ng4 4. Bf4 Bb4+ 5. Nd2 d6 6. exd6 Qf6 7. Bg3 Qxb2 8. Ngf3 Bf5 9. a3 Bc3 10. Rc1 Qxa3 11. e4 Bd7 12. Qc2 Bb4 13. dxc7 Na6 14. Be2 O-O 15. h3 Nf6 16. O-O Ba4 17. Qb1 Ne8 18. e5 Bxd2 19. Nxd2 Bc6 20. Ne4 Naxc7 21. Rc3 Qa5 22. Re3 Ne6 23. f4 Nd4 24. f5 Nxe2+ 25. Rxe2 Nc7 26. Qc1 Rfd8 27. Qg5 Bxe4 28. Rxe4 Qd2 29. Qg4 Ne8 30. f6 Qh6 31. Qf3 Qg6 32. fxg7 Nc7 33. Rg4 Qc6 34. Qf5 Qe6 35. Qh5 Rd7 36. Rf6 Rd1+ 37. Kh2 Qd7 38. Bf4 Ne8 39. Qxh7+ 1-0

[Event "Val Thorens A"]
[Site "?"]
[Date "1996.??.??"]
[Round "5"]
[White "Barsov Alexei"]
[Black "Chatalbashev Boris"]
[Result "1/2-1/2"]
[WhiteElo "2475"]
[BlackElo "2490"]
[PlyCount "41"]
[EventDate "1996.??.??"]
[Source "www.chesslib.no"]
[SourceDate "2004.05.04"]

1. d4 Nf6 2. c4 e5 3. dxe5 Ng4 4. Bf4 Bb4+ 5. Nc3 Bxc3+ 6. bxc3 Nc6 7. Nf3 Qe7 8. Qd5 f6 9. exf6 Nxf6 10. Qd3 d6 11. g3 O-O 12. Bg2 Bg4 13. O-O Rae8 14. Nd4 Bxe2 15. Nxe2 Qxe2 16. Qxe2 Rxe2 17. Bf3 Rc2 18. Rfc1 Rxc1+ 19. Rxc1 Nd8 20. c5 Ne6 21. cxd6 1/2-1/2